Proceedings (Record no. 490977)

000 -LEADER
fixed length control field 00532cam a22001697a 4500
008 - FIXED-LENGTH DATA ELEMENTS--GENERAL INFORMATION
fixed length control field 180718b1986 xxu||||| |||| 00| 0 eng d
082 ## - DEWEY DECIMAL CLASSIFICATION NUMBER
Classification number O1 B469
100 ## - MAIN ENTRY--PERSONAL NAME
Personal name International conference on health policy: ethics and human values (1986: New Delhi)
245 ## - TITLE STATEMENT
Title Proceedings
Statement of responsibility, etc. edited by P.C. Bhatla
260 ## - PUBLICATION, DISTRIBUTION, ETC.
Place of publication, distribution, etc. New Delhi
Name of publisher, distributor, etc. IMA House
Date of publication, distribution, etc. 1986
300 ## - PHYSICAL DESCRIPTION
Extent v.p.
650 ## - SUBJECT ADDED ENTRY--TOPICAL TERM
Topical term or geographic name entry element Medical care - Social aspects
650 ## - SUBJECT ADDED ENTRY--TOPICAL TERM
Topical term or geographic name entry element Medical ehics - Case studies
650 ## - SUBJECT ADDED ENTRY--TOPICAL TERM
Topical term or geographic name entry element Health planning
650 ## - SUBJECT ADDED ENTRY--TOPICAL TERM
Topical term or geographic name entry element Medical policy
700 ## - ADDED ENTRY--PERSONAL NAME
Personal name Bhatla, P.C.
Holdings
Withdrawn status Lost status Damaged status Not for loan Permanent Location Current Location Date acquired Full call number Barcode Checked out Date last seen Price effective from Koha item type
        Indian Institute of Public Administration Indian Institute of Public Administration 2018-08-04 O1 B469 GR15463 2014-01-20 2018-08-04 2018-08-04 GR

Powered by Koha